150 años después de Darwin: ¿evolución, futuro o crisis? (Record no. 44065)

MARC details
000 -LEADER
campo de control de longitud fija 01312nam a2200265 i 4500
001 - NÚMERO DE CONTROL
campo de control 44065
003 - IDENTIFICADOR DE NÚMERO DE CONTROL
campo de control SpMaBN
005 - FECHA Y HORA DE LA ÚLTIMA TRANSACCIÓN
campo de control 20230906160940.0
008 - DATOS DE LONGITUD FIJA--INFORMACIÓN GENERAL
campo de control de longitud fija 170317s2010 sp abd |||| | spa d
020 ## - NÚMERO INTERNACIONAL ESTÁNDAR DEL LIBRO
Número Internacional Estándar del Libro 978-84-7867-057-4
080 ## - NÚMERO DE LA CLASIFICACIÓN DECIMAL UNIVERSAL
Número de la Clasificación Decimal Universal 572.1/.4
245 00 - MENCIÓN DEL TÍTULO
Título 150 años después de Darwin: ¿evolución, futuro o crisis?
Resto del título : lecciones sobre evolución humana /
Mención de responsabilidad, etc. coordinadores, Alfonso Perote Alejandre, Ana Mateos Cachorro ; autores, José María Bermúdez de Castro, Laura Buck, Alberto Gomis Blanco ... [et al.].
246 3# - FORMA VARIANTE DEL TITULO
Título propio/Titulo breve Ciento cincuenta años después de Darwin: ¿evolución, futuro o crisis?
260 ## - PUBLICACIÓN, DISTRIBUCIÓN, ETC.
Lugar de publicación, distribución, etc. Madrid :
Nombre del editor, distribuidor, etc. IM&C,
Fecha de publicación, distribución, etc. [2010]
300 ## - DESCRIPCIÓN FÍSICA
Extensión 110 p. :
Otras características físicas il. col., gráf., mapas ;
Dimensiones 24 cm.
504 ## - NOTA DE BIBLIOGRAFÍA, ETC.
Nota de bibliografía, etc. Referencias bibliográficas.
546 ## - NOTA DE IDIOMA
Nota de lengua/lenguaje Textos en español e inglés.
594 ## - Nota al título y mención de responsabilidad
Nota al título y mención de responsabilidad Recoge las ponencias de las actividades 2009 de la Cátedra Tomás Pascual Sanz-CENIEH.
596 ## - NOTA AL PIE DE IMPRENTA
NOTA AL PIE DE IMPRENTA En port.: Instituto Tomás Pascual Sanz para la Nutrición y la Salud, Cátedra Tomás Pascual Sanz; CENIEH, Centro Nacional de Investigación sobre la Evolución Humana.
650 #7 - PUNTO DE ACCESO ADICIONAL DE MATERIA--TÉRMINO DE MATERIA
Término de materia o nombre geográfico como elemento de entrada Evolución humana.
9 (RLIN) 12627
700 1# - ENTRADA AGREGADA--NOMBRE PERSONAL
Nombre de persona Perote Alejandre, Alfonso.
9 (RLIN) 162103
700 1# - ENTRADA AGREGADA--NOMBRE PERSONAL
Nombre de persona Mateos Cachorro, Ana.
9 (RLIN) 162104
700 1# - ENTRADA AGREGADA--NOMBRE PERSONAL
Nombre de persona Bermúdez de Castro, José María.
9 (RLIN) 28138
852 ## - LOCALIZACIÓN
Ubicación ES-MaACL
Número de control de estantería L-31288
Holdings
Estatus retirado Estado de pérdida Estado de daño No para préstamo Biblioteca de origen Biblioteca actual Ubicación en estantería Fecha de adquisición Fuente de adquisición Total de préstamos Signatura topográfica completa Código de barras Visto por última vez Precio de reemplazo Tipo de ítem Koha
        Biblioteca del Ateneo de Madrid Biblioteca del Ateneo de Madrid Depósito 2 17/03/2017     L-31288 1197242 23/02/2023 23/02/2023 Libro impreso